| 000 | 00944nam0a22002411 4500 | ||
|---|---|---|---|
| 001 | rc\389086 | ||
| 005 | 20260406200224.0 | ||
| 035 | _a(NLR Aleph) 005639098 | ||
| 090 |
_a6649552 _c6649552 |
||
| 100 | _a20030616d1989 |||y0rusy50 ca | ||
| 101 | 0 | _arus | |
| 102 | _aRU | ||
| 105 | _ay ||||||||| | ||
| 200 | 1 |
_aКиргизия-90. Летопись событий _eРек. библиогр. указ. _fГос. б-ка КиргССР им. В.И. Ленина, Отд. рек. библиогр. _g[Составитель Нурмаханова Г.] |
|
| 210 |
_aФрунзе _cБ. и. _d1989 |
||
| 215 |
_a77, [1] с. _d20 |
||
| 702 | 1 |
_aНурмаханова _bГ. _4220 |
|
| 712 | 0 | 2 |
_aГосударственная библиотека КиргССР им. В. И. Ленина _cФрунзе _3RU\NLR\AUTH\889959703 _9415607 |
| 801 | 0 |
_aRU _bNLR _gpsbo |
|
| 801 | 1 |
_aRU _bELAR _2rusmarc |
|
| 852 |
_aNLR _bС _jК-1/5147 |
||
| 942 | _cBOOK | ||
| 980 | _aNB | ||